000 00653nam a2200193Ia 4500
003 GCL
005 20240530104222.0
008 140319s9999 xx 000 0 ara d
040 _aGCL /
_cGCL
082 0 4 _a915.3
_bس ف
100 1 _aسارة حسن منيمنة
245 1 0 _aفى جغرافية العالم الاسلامى /
_cسارة حسن منيمنة
260 _aبيروت :
_bدار منيمنة للطباعة والنشر ،
_c1988
300 _a213 ص ؛
_c24 سم
650 0 4 _aانتشار الاسلام
650 0 4 _aالعالم الاسلامى
650 0 4 _aالعالم الاسلامى
_xجغرافيا
942 _2ddc
_cBK
999 _c45561
_d45561